[Event "ROM-ch U14"]
[Site "Calimanesti"]
[Date "2018.04.02"]
[Round "8"]
[White "Furtuna, Denis Andrei"]
[Black "Chiorescu, Vlad"]
[Result "0-1"]
[WhiteElo "1199"]
[BlackElo "1478"]
[PlyCount "90"]
[EventDate "2018.03.27"]
[EventType "swiss"]
[EventRounds "9"]
[EventCountry "ROU"]
[SourceTitle "CBM 183 Extra"]
[Source "ChessBase"]
[SourceDate "2018.04.19"]
[SourceVersion "1"]
[SourceVersionDate "2018.04.19"]
[SourceQuality "1"]

1. d4 Nf6 2. Bf4 d6 3. Nf3 g6 4. e3 Bg7 5. Bd3 0-0 6. h3 Nbd7 7. Bg3 c5 8. c3 b6 9. Nbd2 Bb7 10. 0-0 Rc8 11. Re1 Re8 12. e4 e5 13. d5 a6 14. a4 Nh5 15. Bh2 Bh6 16. Nf1 Rf8 17. Ne3 Bxe3 18. Rxe3 Ng7 19. Qf1 Ra8 20. c4 f5 21. b3 fxe4 22. Bxe4 Nf5 23. Ree1 Nd4 24. Nxd4 cxd4 25. b4 Nf6 26. Bd3 Nh5 27. Re4 Bc8 28. g4 Nf6 29. Re2 Bb7 30. f4 Qd7 31. Rf2 e4 32. Be2 d3 33. Bxd3 exd3 34. Qxd3 Rfe8 35. Rg2 Rac8 36. f5 g5 37. b5 a5 38. Rc2 Qc7 39. Bg3 Ne4 40. Be1 Qc5+ 41. Kg2 Bxd5 42. Qxd5+ Qxd5 43. cxd5 Rxc2+ 44. Kg1 Nc3 45. Bxc3 Rxc3 0-1

[Event "ROM-ch U14"]
[Site "Calimanesti"]
[Date "2018.03.31"]
[Round "6"]
[White "Furtuna, Denis Andrei"]
[Black "Bordei, Rares Gabriel"]
[Result "1/2-1/2"]
[WhiteElo "1199"]
[BlackElo "1377"]
[PlyCount "105"]
[EventDate "2018.03.27"]
[EventType "swiss"]
[EventRounds "9"]
[EventCountry "ROU"]
[SourceTitle "CBM 183 Extra"]
[Source "ChessBase"]
[SourceDate "2018.04.19"]
[SourceVersion "1"]
[SourceVersionDate "2018.04.19"]
[SourceQuality "1"]

1. d4 Nf6 2. Bf4 e6 3. Nf3 Be7 4. e3 b6 5. Bd3 Bb7 6. Nbd2 d6 7. 0-0 Nbd7 8. Re1 Nh5 9. Bg3 Nxg3 10. fxg3 c5 11. c3 d5 12. Qe2 Nf6 13. e4 dxe4 14. Nxe4 Nxe4 15. Bxe4 Bxe4 16. Qxe4 cxd4 17. Qc6+ Kf8 18. Nxd4 Bc5 19. Red1 Qc8 20. Qf3 Rb8 21. Kh1 Bxd4 22. Rxd4 Ke7 23. Rad1 f6 24. Qd3 Rb7 25. h3 Qc7 26. Kh2 e5 27. Rg4 g6 28. Qc4 Qxc4 29. Rxc4 Rd8 30. Rxd8 Kxd8 31. g4 Rc7 32. Re4 Rc5 33. Kg3 Ke7 34. Kf3 Ke6 35. g3 b5 36. h4 f5 37. gxf5+ gxf5 38. Re2 h6 39. Re1 Rd5 40. Re2 Rd3+ 41. Re3 e4+ 42. Ke2 Rxe3+ 43. Kxe3 Kd5 44. b3 a5 45. h5 Ke5 46. c4 bxc4 47. bxc4 Kd6 48. g4 fxg4 49. Kxe4 g3 50. Kf3 Kc5 51. Kxg3 Kxc4 52. Kf4 Kc3 53. Kf5 1/2-1/2

[Event "ROM-ch U14"]
[Site "Calimanesti"]
[Date "2018.03.29"]
[Round "3"]
[White "Tudoroiu, Razvan Catalin"]
[Black "Furtuna, Denis Andrei"]
[Result "0-1"]
[WhiteElo "1001"]
[BlackElo "1199"]
[PlyCount "72"]
[EventDate "2018.03.27"]
[EventType "swiss"]
[EventRounds "9"]
[EventCountry "ROU"]
[SourceTitle "CBM 183 Extra"]
[Source "ChessBase"]
[SourceDate "2018.04.19"]
[SourceVersion "1"]
[SourceVersionDate "2018.04.19"]
[SourceQuality "1"]

1. d4 d5 2. Nf3 Bf5 3. e3 Nf6 4. Bd3 Bg6 5. 0-0 e6 6. Ne5 Bd6 7. Nxg6 hxg6 8. g3 Nbd7 9. Nd2 a6 10. e4 dxe4 11. Nxe4 Nxe4 12. Bxe4 c6 13. Re1 Nf6 14. Bg5 Qd7 15. Bxf6 gxf6 16. Re3 0-0-0 17. Rb3 Bc7 18. c3 e5 19. Rb4 Bd6 20. Rc4 Qh3 21. Bf3 Qxh2+ 22. Kf1 Qh3+ 23. Ke1 Qh6 24. Qa4 Rd7 25. Bxc6 bxc6 26. Qxa6+ Kd8 27. Rxc6 Ke7 28. dxe5 fxe5 29. Rd1 Qh1+ 30. Ke2 Qe4+ 31. Kd2 Bc5+ 32. Kc1 Rxd1+ 33. Kxd1 Rh1+ 34. Kd2 Qd5+ 35. Qd3 Qxc6 36. b4 Bxf2 0-1

[Event "ROM-ch U12"]
[Site "Baile Felix"]
[Date "2017.02.08"]
[Round "8"]
[White "Kocak, Halil"]
[Black "Furtuna, Denis Andrei"]
[Result "1/2-1/2"]
[WhiteElo "1105"]
[BlackElo "1239"]
[PlyCount "130"]
[EventDate "2017.02.02"]
[EventType "swiss"]
[EventRounds "9"]
[EventCountry "ROU"]
[SourceTitle "CBM 176 Extra"]
[Source "ChessBase"]
[SourceDate "2017.03.02"]
[SourceVersion "1"]
[SourceVersionDate "2017.03.02"]
[SourceQuality "1"]

1. c4 c5 2. Nc3 e6 3. g3 Nf6 4. Bg2 d5 5. b3 Nc6 6. e3 g6 7. Bb2 Bg7 8. Nge2 b6 9. Qc2 Nb4 10. Qb1 Bb7 11. a3 Nc6 12. cxd5 Ne7 13. Ne4 Nexd5 14. Nf4 Rg8 15. 0-0 Nxe4 16. Bxe4 Bxb2 17. Qxb2 Qd7 18. Nxd5 Bxd5 19. Bxd5 Qxd5 20. Rad1 Rc8 21. d4 c4 22. Rc1 Ke7 23. Rc3 cxb3 24. Rxb3 Rc6 25. Rc3 Rgc8 26. Rfc1 Kd7 27. Qb4 Rxc3 28. Rxc3 Rxc3 29. Qxc3 Qa5 30. Qxa5 bxa5 31. Kf1 Kc6 32. Ke2 Kb5 33. Kd3 Ka4 34. e4 Kb5 35. Kc3 a6 36. f4 f5 37. e5 h6 38. h3 h5 39. h4 a4 40. Kd3 a5 41. Kc3 Kc6 42. Kc4 Kb6 43. d5 exd5+ 44. Kxd5 Kc7 45. Kc5 Kd7 46. Kb5 Kc7 47. Kxa4 Kb6 48. Kb3 Kb5 49. Kc3 Kc5 50. e6 Kd6 51. e7 Kxe7 52. Kc4 Kd6 53. Kd4 Kc6 54. Ke5 Kb5 55. Kf6 Ka4 56. Kxg6 Kxa3 57. Kxf5 Kb3 58. Ke6 a4 59. f5 a3 60. f6 a2 61. f7 a1Q 62. f8Q Qe1+ 63. Kf7 Qxg3 64. Qe7 Qf2+ 65. Ke8 Kc3 1/2-1/2

[Event "ROM-ch U12"]
[Site "Baile Felix"]
[Date "2017.02.03"]
[Round "2"]
[White "Gavris, Alexandru Catalin"]
[Black "Furtuna, Denis Andrei"]
[Result "1-0"]
[WhiteElo "1488"]
[BlackElo "1239"]
[PlyCount "93"]
[EventDate "2017.02.02"]
[EventType "swiss"]
[EventRounds "9"]
[EventCountry "ROU"]
[SourceTitle "CBM 176 Extra"]
[Source "ChessBase"]
[SourceDate "2017.03.02"]
[SourceVersion "1"]
[SourceVersionDate "2017.03.02"]
[SourceQuality "1"]

1. c4 e5 2. Nc3 Nf6 3. Nf3 Nc6 4. e3 d5 5. cxd5 Nxd5 6. d4 Nxc3 7. bxc3 Bg4 8. Be2 e4 9. Nd2 Bxe2 10. Qxe2 f5 11. Qb5 Qd7 12. Qxb7 Rb8 13. Qa6 Bd6 14. 0-0 0-0 15. Ba3 Rf6 16. Bxd6 Qxd6 17. Qc4+ Kf8 18. Nb3 Rh6 19. Qc5 Rd8 20. Qxd6+ Rdxd6 21. Rab1 Ne7 22. Nc5 Nd5 23. c4 Nc3 24. Rb2 Rd8 25. Rc1 Rb6 26. Rcc2 Ke7 27. Rb3 Nd1 28. Kf1 Rh6 29. h3 Rg6 30. Rd2 Nxe3+ 31. fxe3 Rdd6 32. Rb7 Kd8 33. Rxa7 Ke7 34. Rxc7+ Kd8 35. Rb7 Rb6 36. Rb2 Rxb7 37. Rxb7 Rg3 38. Kf2 Rg6 39. a4 Rc6 40. a5 Rc7 41. Ne6+ Kc8 42. Rxc7+ Kb8 43. a6 g5 44. Rb7+ Kc8 45. d5 f4 46. d6 fxe3+ 47. Kxe3 1-0

[Event "ROM-ch U12"]
[Site "Calimanesti Caciulata"]
[Date "2016.04.22"]
[Round "6"]
[White "Furtuna, Denis Andrei"]
[Black "Bobeanu, Stefan Valentin"]
[Result "1-0"]
[WhiteElo "1001"]
[BlackElo "1215"]
[PlyCount "69"]
[EventDate "2016.04.18"]
[EventType "swiss"]
[EventRounds "9"]
[EventCountry "ROU"]
[SourceTitle "CBM 172 Extra"]
[Source "ChessBase"]
[SourceDate "2016.06.21"]
[SourceVersion "1"]
[SourceVersionDate "2016.06.21"]
[SourceQuality "1"]

1. e4 e5 2. Nf3 Nc6 3. d4 exd4 4. Nxd4 Bc5 5. Nxc6 bxc6 6. Bd3 d6 7. Nc3 Be6 8. 0-0 Ne7 9. Na4 Bd4 10. c3 Bb6 11. Nxb6 cxb6 12. Qf3 Rc8 13. Qg3 g6 14. f4 Bd7 15. Re1 Rc7 16. f5 Bc8 17. Bg5 h6 18. Bf6 Rg8 19. Qh4 h5 20. Rad1 Rd7 21. Bc4 b5 22. Bb3 Qc7 23. e5 dxe5 24. Rxd7 Qxd7 25. Rxe5 Kd8 26. Rxe7 Qxe7 27. Bxe7+ Ke8 28. fxg6 Rxg6 29. Qf4 Kxe7 30. Qxf7+ Kd8 31. Qxg6 Ke7 32. Qf7+ Kd8 33. Kf2 Bd7 34. Be6 Bxe6 35. Qxe6 1-0